00481 2200193 4500245004700000020001800047250001100065100001700076700001800093700001900111650001700130005001900147260004200166041001400208084001300222300003200235336000900267338001100276 aMail Girlfriend Vol. 4cTowa, OshimahText a9786022105435 aCet. 1 aTowa, Oshima aLidwina Leung aMarin Hermanto aKomik Jepang a20230131072950 aJakartabGramedia Pustaka Utamac2012 aIndonesia a741.5592 a... jil. :bilus. ;c18 cm. atext avolume